Hotel

Podrobná bibliografia
Hlavní autori: Matthews, J. (Autor), Matthews, Jack (Autor)
Ďalší autori: Ilavská, Soňa (Prekladateľ), Baláž, Jozef (gup)
Médium: Článok
Jazyk:slovenčina
Predmet:

MARC

LEADER 00000nab a2200000 a 4500
001 vtls000273067
003 SK-MaSNL
005 20260302213750.0
008 111130c1987 xo 0 slo
015 |a SNBRB19rr/mm-uuuuu 
035 |a CL0283181 
040 |a SNKBUCL  |b slo  |c SNKBUCL  |e AACR2 
041 0 |a slo 
044 |a xo  |c SK 
080 |a 820 (73)-3  |2 1981 
100 1 |a Matthews, J.  |4 aut  |9 940226 
245 1 0 |a Hotel  |c J. Matthews ; Jack Matthews, Soňa Ilavská, Jozef Baláž 
500 |a V rubrike Poviedka na tento týždeň. Poznámka o autorovi. 
650 0 7 |a poviedky fantastické  |2 snkbucl  |9 899985 
650 0 7 |a poviedky psychologické  |2 snkbucl  |9 893883 
655 7 |a články z novín a časopisov  |2 snkbucl  |9 267496 
655 7 |a články z odboru literárna veda a krásna literatúra  |2 snkbucl  |9 770045 
700 1 |a Matthews, Jack  |4 aut  |9 940227 
700 1 |a Ilavská, Soňa  |4 trl  |9 938317 
700 1 |a Baláž, Jozef  |4 gup  |9 303540 
773 0 |t Život  |g Roč. 37, č. 11 (1987), s. 42-43 
850 |a Slovenská národná knižnica v Martine  |a MTA001 
852 |a SNK  |b KIS3GCP 
958 |a RK 
958 |a LX 
992 |a RBX 
999 |c 1494823  |d 1496753